Stability & vibration /

Saved in:
Bibliographic Details
Main Author: Ravinger, Ján 1945- (Author)
Format: Book
Language:Slovak
English
Published: Bratislava : Slovenská technická univerzita v Bratislave, 2012
Edition:1. vyd.
Series:Edícia monografií
Subjects:
ISBN:9788022737036
Online Access: Get full text
Tags: Add Tag
No Tags, Be the first to tag this record!

MARC

LEADER 00000nam a2200000 4500
003 SK-BrCVT
005 20220925155620.0
006 ado e f 000 0
008 120906s2012####xo# do e f 000 0slo#d
020 |a 9788022737036   |q (brož.)  |c 4,71 
035 |a CVTIDW0036333 
040 |a CVTISR  |b slo  |c CVTISR  |e AACR2  |d CVTI SR 
041 0 |a eng 
044 |a xo  |c SK 
080 |a 624.046.3  |2 2008 
080 |a 531.3  |2 2008 
080 |a 519.63  |2 2008 
100 1 |a Ravinger, Ján  |d 1945-,  |4 aut 
245 1 0 |a Stability & vibration /  |c Ján Ravinger 
250 |a 1. vyd. 
260 |a Bratislava :  |b Slovenská technická univerzita v Bratislave,  |c 2012 
300 |a 135 s. :  |b fotogr., grafy, lit., obr., tab. ;  |c 25 cm 
490 0 |a Edícia monografií 
653 1 |a stabilita konštrukcie 
653 1 |a kmitanie konštrukcie 
653 1 |a tenkostenná konštrukcia 
653 1 |a numerická metóda 
653 1 |a metóda konečných prvkov 
655 7 |a príručky  |2 SNKPH 
760 1 |t Edícia monografií 
852 |a CVTISR  |b 1 
910 |b A616857  |b A617140  |b A617141 
919 |a 978-80-227-3703-6 
959 |a 57 
974 |a jana.rakovicka  |f Knihy 
992 |a APP 
999 |c 187504  |d 187504